Economic independence for women : (Record no. 1628)

MARC details
000 -LEADER
fixed length control field 00797nam a2200229 a 4500
003 - CONTROL NUMBER IDENTIFIER
control field BD-DhJNU
005 - DATE AND TIME OF LATEST TRANSACTION
control field 20250428040736.0
008 - FIXED-LENGTH DATA ELEMENTS--GENERAL INFORMATION
fixed length control field 760506s1976 caua b 000 0 eng
020 ## - INTERNATIONAL STANDARD BOOK NUMBER
International Standard Book Number 0803904444
020 ## - INTERNATIONAL STANDARD BOOK NUMBER
International Standard Book Number 0803905173 (pbk.)
040 ## - CATALOGING SOURCE
Original cataloging agency BD-DhJNU
Language of cataloging ENG
Transcribing agency BD-DhJNU
Modifying agency BD-DhJNU
082 00 - DEWEY DECIMAL CLASSIFICATION NUMBER
Classification number 301.41 ECO
Edition number 23
245 00 - TITLE STATEMENT
Title Economic independence for women :
Remainder of title the foundation for equal rights /
Statement of responsibility, etc. edited by Jane Roberts Chapman
260 ## - PUBLICATION, DISTRIBUTION, ETC.
Place of publication, distribution, etc. Beverly Hills, Calif. :
Name of publisher, distributor, etc. Sage Publications,
Date of publication, distribution, etc. c1976.
300 ## - PHYSICAL DESCRIPTION
Extent 285 p. :
Other physical details ill. ;
Dimensions 24 cm.
440 #0 - SERIES STATEMENT/ADDED ENTRY--TITLE
Title Sage yearbooks in women's policy studies ;
Volume/sequential designation v. 1
504 ## - BIBLIOGRAPHY, ETC. NOTE
Bibliography, etc. note Includes bibliographies.
650 #0 - SUBJECT ADDED ENTRY--TOPICAL TERM
Topical term or geographic name entry element Women
Geographic subdivision United States
General subdivision Economic conditions.
650 #0 - SUBJECT ADDED ENTRY--TOPICAL TERM
Topical term or geographic name entry element Women
General subdivision Employment
Geographic subdivision United States.
700 1# - ADDED ENTRY--PERSONAL NAME
Personal name Chapman, Jane Roberts.
942 ## - ADDED ENTRY ELEMENTS (KOHA)
Koha item type Books
Holdings
Withdrawn status Lost status Source of classification or shelving scheme Damaged status Not for loan Collection Home library Current library Shelving location Date acquired Source of acquisition Total checkouts Full call number Barcode Date last seen Copy number Price effective from Koha item type
    Dewey Decimal Classification     Non-fiction Jagannath University Central Library Jagannath University Central Library General stacks 04/28/2025 Purchased   301.41 ECO JNUCL2164 04/28/2025 1 04/28/2025 Books
    Dewey Decimal Classification     Non-fiction Jagannath University Central Library Jagannath University Central Library General stacks 05/18/2025 Purchased   301.41 ECO JNUCL2165 05/18/2025 2 05/18/2025 Books